000
00305nam a2200121Ia 4500
008
190216s9999||||xx |||||||||||||| ||und||
100
_a
Shylendra Sankar
245
0
_a
Hindi-Bharathiya Samskrithi Yevam Ardhavyavastha
260
_b
Pavan Prakashan
_c
2010
300
_a
232
650
_a
Hindi
942
_c
BK
999
_c
16862
_d
16862